| 000 | 00000nas##2200000za#4500 |
|---|---|
| 001 | 9.512977 |
| 003 | CaOODSP |
| 005 | 20200325130002 |
| 007 | ta |
| 008 | 150406c2000||||xxc|| m #||||f| |0fre|d |
| 040 | |aCaOODSP|bfre |
| 043 | |an-cn--- |
| 086 | 1 |aEn46-32F |
| 110 | 1 |aCanada.|bEnvironnement Canada. |bDirection de l'évaluation des produits chimiques commerciaux. |
| 245 | 10|aÉvaluation des produits chimiques commerciaux: rapport |
| 260 | |aOttawa - Ontario : |bEnvironnement Canada. |
| 563 | |aReliure à spirale |
| 775 | 08|tCommercial Chemicals Evaluation report |w(CaOODSP)9.514582 |